000 00537nam a22001932 4500
001 0000002708
005 20170406114434.0
008 140331s xx 000 0 eng d
020 _c$
040 _aYour Holding Symbol
_cYour Holding Symbol
100 1 _aMannheim,Karl.
245 1 0 _aIdeology and utopia :
_ban introduction to the sociology of knowledge.
250 _a ed.
260 _alondon :
_bRouutledge,
_c1976.
300 _a318 p. ;
_c cm.
504 _aindex.
650 0 _asociology.
908 _a140331
999 _c2594
_d2594